| 000 | 01083cam a22002774a 4500 | ||
|---|---|---|---|
| 020 | _a1589480813 (hardcover : alk. paper) | ||
| 082 | 0 | 4 |
_a621.3678 _bARO _cD |
| 100 | 1 |
_aAronoff, Stanley. _941264 |
|
| 245 | 1 | 0 |
_aRemote sensing for GIS managers / _cStan Aronoff. |
| 250 | _a1st ed. | ||
| 260 |
_aRedlands, Calif. : _bESRI Press : _bIndependent Publishers Group (IPG) [distributor], _c2005. |
||
| 300 |
_a487 p. : _bill. (chiefly col.), maps (chiefly col.) ; _c25 cm. |
||
| 526 |
_a0 _b0 _c0 _d621_367800000000000_ARO |
||
| 526 |
_a0 _b0 _c0 _d621_367800000000000_ARO |
||
| 526 |
_a0 _b0 _c0 _d621_367800000000000_ARO |
||
| 526 |
_a0 _b0 _c0 _d621_367800000000000_ARO |
||
| 526 |
_a0 _b0 _c0 _d621_367800000000000_ARO |
||
| 526 |
_a0 _b0 _c0 _d621_367800000000000_ARO |
||
| 526 |
_a0 _b0 _c0 _d621_367800000000000_ARO |
||
| 650 | 0 |
_aGeographic information systems. _96117 |
|
| 650 | 0 |
_aMCE _9379 |
|
| 650 | 0 | _aRemote sensing. | |
| 856 | 4 | 1 | _uhttp://www.loc.gov/catdir/toc/fy0605/2005013391.html |
| 856 | 4 | 2 | _uhttp://www.loc.gov/catdir/enhancements/fy0715/2005013391-d.html |
| 942 |
_2ddc _cBK |
||
| 999 |
_c545426 _d545426 |
||